000 00432nam a2200133Ia 4500
005 20260326235451.0
008 260326s9999||||xx |||||||||||||| ||und||
100 _aSánchez Vallarino, Roberto Luciano
245 0 _aX Congreso Nacional de Arquitectura - 2005 :
_b Premio Leonardo Villanueva Meyer N° 7 /
_cRoberto Luciano Sánchez Vallarino
260 _bPacífico
300 _a24 p.
650 _aARQUITECTURA REGIONAL
942 _cBK
999 _c7763
_d7763